Vera Oecumenici Concilii Tridentini contra exurgentes Lutheri, aliorumque haereses, nec non varias universae reipublicae christianae revolutiones, pro morum reformatione, et fidei defensione, summo romano - catholicae Ecclesiae emolumento publicati historia, contra falsam Petri Suavis Polani narrationem scripta, ex ipsismet originalibus literis, actis, gestis, et protocollis plene, et fideliter asserta / A. P. Sfortia Pallavicino S. T. postea S. R. E. Cardinale presbytero

Detalles Bibliográficos
Formato: Libro
Lenguaje:Undetermined
Latin
Publicado: Augustae Vindelicorum : s.n., 1775.
Edición:Primum italico idiomate in lucem edita ; deinde ab ipso aucta et revista, ac latine reddita a P. Joanne Baptista giattino Panormitano
Materias:
Colección:Banco de datos
Acervo:Biblioteca Palafoxiana. Colección bibliográfica
Descripción Física:3 t. ; f°
Tema general:Historia eclesiástica
Notas:Número de localización: t.1 (7448 , 7390) ; t.2 (7448 , 7390) ; t.3 (7448 , 7390)
LEADER 01113nam a2200169Ia 4500
008 150723s9999 xx 000 0 und d
041 0 |a lat 
050 0 |a PAFX BR143 V4 
245 1 0 |a Vera Oecumenici Concilii Tridentini contra exurgentes Lutheri, aliorumque haereses, nec non varias universae reipublicae christianae revolutiones, pro morum reformatione, et fidei defensione, summo romano - catholicae Ecclesiae emolumento publicati historia, contra falsam Petri Suavis Polani narrationem scripta, ex ipsismet originalibus literis, actis, gestis, et protocollis plene, et fideliter asserta / A. P. Sfortia Pallavicino S. T. postea S. R. E. Cardinale presbytero 
250 |a Primum italico idiomate in lucem edita ; deinde ab ipso aucta et revista, ac latine reddita a P. Joanne Baptista giattino Panormitano 
260 |a Augustae Vindelicorum : s.n., 1775. 
300 |a 3 t. ; f° 
500 |a Número de localización: t.1 (7448 , 7390) ; t.2 (7448 , 7390) ; t.3 (7448 , 7390) 
650 1 0 |a Historia eclesiástica 
942 |c PALALIB 
943 |g Biblioteca Palafoxiana. Colección bibliográfica 
999 |c 1052580  |d 1052580